| 000 | 00514nam a2200157 i 4500 | ||
|---|---|---|---|
| 001 | 96205 | ||
| 003 | ES-MaACL | ||
| 005 | 20230906181851.0 | ||
| 008 | 050613s1969 sp |||| | spa d | ||
| 100 | 1 |
_aMaestre Rosa, Julio. _975402 |
|
| 245 | 1 | 0 |
_aComunidades de regantes _b: concepto, naturaleza jurídica y regulación positiva / _cJulio Maestre Rosa. |
| 260 |
_aBarcelona : _bBosch, _c1969. |
||
| 300 |
_a269 p. ; _c19 cm. |
||
| 650 | 4 |
_aComunidades de regantes- _zEspaña. _9170868 |
|
| 852 |
_aES-MaACL _jC-51624 |
||
| 999 |
_c96205 _d96205 |
||